| 000 | 01086cam a2200313 i 4500 | ||
|---|---|---|---|
| 001 | 58488 | ||
| 003 | Mx-PuUPA | ||
| 005 | 20240410104054.0 | ||
| 008 | 140415s2013 sp r 000 0 spa d | ||
| 020 | _a9786074155501 | ||
| 040 |
_aMx-PuUPA _bspa _cMx-PuUPA _dMx-PuUPA _erda |
||
| 041 | 1 |
_aspa _heng |
|
| 100 | 1 |
_aStanislavsky, Konstantin, _d1863-1938 _eautor _92487 |
|
| 240 | 1 | 0 |
_aRobota akitora nad soboy. _lEspañol |
| 245 | 1 | 0 |
_aEl trabajo del actor sobre sí mismo / _cKonstantín Stanislavski ; traductor, Roberto Mares Ochoa |
| 250 | _aPrimera edición | ||
| 264 | 1 |
_aMéxico : _bGrupo Editorial Tomo, _c2013 |
|
| 300 |
_a492 páginas ; _c21 cm. |
||
| 336 |
_atexto _2rdacontent _btxt |
||
| 337 |
_asin medio _2rdamedia _bn |
||
| 338 |
_avolumen _2rdacarrier _bnc |
||
| 650 | 4 |
_aActores _xEnseñanza |
|
| 650 | 4 |
_aActuación teatral _xTécnica |
|
| 700 | 1 |
_aMares Ochoa, Roberto, _etraductor |
|
| 765 | 0 | 8 |
_aStanislavsky, Konstantin, 1863-1938 _tRobota akitora nad soboy. |
| 942 |
_2ddc _cLI _h792.02 _iS775 |
||
| 999 |
_c58488 _d58488 |
||